000 00663nam a2200217Ia 4500
003 GCL
008 140319s9999 xx 000 0 ara d
040 _aGCL /
_cGCL
082 0 4 _aط
_b239
_bا س
100 1 _aابراهيم الابيارى
245 1 0 _aالسيرة النبوية لابن هشام /
_cابراهيم الابيارى
260 _a[S.N] :
_bدار الكتاب المصرى
300 _a23 ص
490 _aالسيرة النبوية
_v0
650 0 4 _aالسيرة النبوية
650 0 4 _aالاطفال
650 0 4 _aالقصص
650 0 4 _aقصص الاطفال
650 0 4 _aالقصص الدينية
942 _2ddc
_cBK
999 _c57182
_d57182